000 00596nam a2200193Ia 4500
005 20250508155455.0
008 008 250505s9999 xx 000 0 eng d
037 _aTextual
040 _aFEDL
_beng
_cFEDL
041 _aeng
_2eng
084 _a362.709 54, PON
_qFEDL
100 _aPont Ika Paul
_9627745
245 0 _aChild welfare in India : An integrated approach
245 0 _cIndia, Government... Ministry of Education
260 _aDelhi, India
_bManager of Publications
_c1963
300 _aii,145p
942 _cTEXL
_h362.709 54, PON
999 _c1357146
_d1357146